LIBRARY & INFORMATION CENTRE, KCAET, TAVANUR

ONLINE PUBLIC ACCESS CATALOGUE (OPAC)

Geographical factors in Indian History / (Record no. 734)

MARC details
000 -LEADER
fixed length control field 00517cam a2200193ua 4500
041 ## - LANGUAGE CODE
Language code of text/sound track or separate title eng
082 ## - DEWEY DECIMAL CLASSIFICATION NUMBER
Classification number 954
Item number KMP/GE
100 ## - MAIN ENTRY--AUTHOR NAME
Personal name Panikkar, K.M .
245 ## - TITLE STATEMENT
Title Geographical factors in Indian History /
260 ## - PUBLICATION, DISTRIBUTION, ETC. (IMPRINT)
Place of publication Mumbai :
Name of publisher Bharatiya Vidya Bhavan ,
Year of publication 1959.
300 ## - PHYSICAL DESCRIPTION
Number of Pages 128 ; .
490 0# - SERIES STATEMENT
Series statement Bhavan`s book University,
Volume number/sequential designation
942 ## - ADDED ENTRY ELEMENTS (KOHA)
Koha item type Books
Holdings
Withdrawn status Lost status Damaged status Home library Current library Date acquired Full call number Accession Number Koha item type
Withdrawn     KAUAET Malayalam University 07/04/2012 954 3394 Books
free website counter